A-Z: words ending in R - Statistics

General Stats
  • This quiz has been taken 61 times
  • The average score is 15 of 26
Answer Stats
Initial letter Clue Word ending in R % Correct
B Furry mammal which children's teddies are based on Bear
100%
U Beneath Under
93%
F Colourful part of a plant with petals Flower
91%
O Above; finished Over
91%
Z Person who works with caged animals which can be visited by the public Zookeeper
91%
A Mixture of nitrogen and other gases which surround us Air
89%
Y Possessive: belonging to the person being addressed Your
85%
D Type of reptile from the Mesozoic Era Dinosaur
83%
W Person who produces timepieces which can be worn around the wrist Watchmaker
83%
C Another name for the mountain lion or puma Cougar
76%
V To change direction suddenly Veer
72%
J Prison guard Jailer
63%
I Referring to the space between stars Interstellar
61%
Q Important person on Jetpunk Quizmaster
57%
N Sorcerer who can summon the dead Necromancer
56%
E A professional destroyer of insects Exterminator
50%
L Customised car with a body set slightly below the normal height Lowrider
48%
K Bird with a dagger-like beak which it uses to fish by plunging into the water from a riverside perch Kingfisher
46%
M Someone who takes pictures of very small things Microphotographer
46%
P Powerful machine which forces large supports into the ground; also a wrestling move, or hard shot in football Piledriver
41%
G A fine, filmy substance consisting of cobwebs spun by small spiders; or, by extension, any similar fragile material Gossamer
28%
T Turbine-driven device that increases car engine power by forcing extra air into the combustion chamber Turbocharger
22%
H A 16th of a crotchet in sheet music Hemidemisemiquaver
13%
X Person who makes woodcuts or engravings Xylographer
11%
R To change the workings of (originallly machinery, but by extension, other systems too such as organisations) Reengineer
7%
S Adjective referring to a Euler triangle (one drawn on the surface of a ball) Sphericotriangular
7%
No matching quizzes found
Score Distribution
Percent of People with Each Score
Percentile by Number Answered
Your Score History
You have not taken this quiz